[Event "TCh-NED Playoffs 2005-6"]
[Site "Enschede NED"]
[Date "2006.05.14"]
[Round "2"]
[White "Baramidze,D"]
[Black "Winants,L"]
[Result "1/2-1/2"]
[WhiteElo "2545"]
[BlackElo "2530"]
[EventDate "2006.05.13"]

1. e4 e5 2. Nf3 Nc6 3. Bb5 a6 4. Ba4 d6 5. c3 f5 6. exf5 Bxf5 7. O-O Bd3 8.
Re1 Be7 9. Bc2 Bxc2 10. Qxc2 Nf6 11. d4 e4 12. Ng5 d5 13. f3 h6 14. Nh3 O-O
15. Nd2 exf3 16. Nxf3 Rf7 17. Bf4 Bd6 18. Re2 Ne4 19. Bxd6 Qxd6 20. Rae1
Raf8 21. Nf2 Nxf2 22. Rxf2 Re7 23. Rxe7 Nxe7 24. Ne5 Rxf2 25. Qxf2 Qe6 26.
h3 Nf5 27. Qf4 Nd6 28. Kf1 1/2-1/2

[Event "TCh-NED Playoffs 2005-6"]
[Site "Enschede NED"]
[Date "2006.05.14"]
[Round "2"]
[White "Ligterink,G"]
[Black "Peng Zhaoqin"]
[Result "1/2-1/2"]
[WhiteElo "2418"]
[BlackElo "2395"]
[EventDate "2006.05.13"]

1. d4 Nf6 2. c4 e6 3. Nf3 b6 4. g3 Ba6 5. Qb3 Bb7 6. Nc3 Nc6 7. e4 Na5 8.
Qc2 Bb4 9. Bd3 Bxc3+ 10. bxc3 d6 11. O-O Qe7 12. Qe2 e5 13. Nh4 g6 14. f4
exf4 15. Rxf4 Nd7 16. Qf1 f6 17. Bd2 O-O-O 18. Re1 Kb8 19. Ng2 Rhf8 20. Ne3
Qg7 21. Rf2 Rde8 22. Nd5 h5 23. Qh3 Bc8 24. Qg2 Ba6 25. Qf1 Bb7 1/2-1/2

[Event "TCh-NED Playoffs 2005-6"]
[Site "Enschede NED"]
[Date "2006.05.14"]
[Round "2"]
[White "Hoeksema,E"]
[Black "Carlier,B"]
[Result "1/2-1/2"]
[WhiteElo "2387"]
[BlackElo "2462"]
[EventDate "2006.05.13"]

1. d4 g6 2. c4 Bg7 3. Nc3 c5 4. d5 f5 5. Qc2 d6 6. Nf3 Nf6 7. g3 O-O 8. Bg2
Nbd7 9. O-O Ng4 10. b3 Nde5 11. Nxe5 Nxe5 12. e3 Bd7 13. Bd2 a6 14. h3 b5
15. f4 Nf7 16. Rae1 Rb8 17. cxb5 axb5 18. e4 b4 19. Nd1 e5 20. dxe6 Bxe6
21. Ne3 Bd4 22. Kh2 Qf6 23. exf5 gxf5 24. Nd5 Bxd5 25. Bxd5 Rfe8 26. Bc6
Rxe1 27. Rxe1 Kh8 28. Bd5 Rg8 29. Re6 Bg1+ 30. Kxg1 Qd4+ 31. Kf1 Qxd5 32.
Re3 Nd8 33. Qb2+ Qd4 34. Qxd4+ cxd4 35. Re7 Rxg3 36. Re8+ Rg8 37. Rxg8+
Kxg8 38. Bxb4 Kf7 39. Bxd6 Ke6 40. Bc7 Nc6 41. Ke2 Kd5 42. a3 Ke4 43. b4
d3+ 44. Kd2 Nd4 45. a4 Nc2 46. b5 Na3 47. Bb8 Nb1+ 48. Ke1 Nc3 49. a5 Nxb5
50. a6 Ke3 51. Be5 Na7 52. Kd1 Nb5 53. Ke1 Na7 54. Kd1 Nb5 55. Ke1 1/2-1/2

[Event "TCh-NED Playoffs 2005-6"]
[Site "Enschede NED"]
[Date "2006.05.14"]
[Round "2"]
[White "Martens,M"]
[Black "Jonkman,H"]
[Result "1/2-1/2"]
[WhiteElo "2414"]
[BlackElo "2454"]
[EventDate "2006.05.13"]

1. d4 d5 2. Nc3 c6 3. e4 dxe4 4. Nxe4 Bf5 5. Ng3 Bg6 6. N1e2 e6 7. c3 Bd6
8. Nf4 Qc7 9. Qf3 Nf6 10. h4 Nbd7 11. Nxg6 hxg6 12. Ne4 Nxe4 13. Qxe4 O-O-O
14. Bd2 c5 15. dxc5 Nxc5 16. Qc4 Rh5 17. O-O-O Rd5 18. Be2 Be5 1/2-1/2

[Event "TCh-NED Playoffs 2005-6"]
[Site "Enschede NED"]
[Date "2006.05.14"]
[Round "2"]
[White "Cheparinov,I"]
[Black "Seirawan,Y"]
[Result "1/2-1/2"]
[WhiteElo "2635"]
[BlackElo "2635"]
[EventDate "2006.05.13"]

1. e4 c6 2. d4 d5 3. Nc3 dxe4 4. Nxe4 Bf5 5. Ng3 Bg6 6. h4 h6 7. Nf3 Nd7 8.
h5 Bh7 9. Bd3 Bxd3 10. Qxd3 e6 11. Bf4 Qa5+ 12. Bd2 Qc7 13. O-O-O Ngf6 14.
Ne4 O-O-O 15. g3 Nxe4 16. Qxe4 Nf6 17. Qe2 Bd6 18. Kb1 Kb8 19. c4 Qe7 20.
Ne5 Nd7 21. Nd3 Rhe8 22. Bc3 f6 23. Rhe1 Qf7 24. Qf3 Bc7 25. b3 f5 26. Rd2
Nf6 27. Rde2 Qxh5 28. Qxh5 Nxh5 29. Nc5 Nf6 30. Nxe6 Rd7 31. Nc5 Rdd8 32.
Re7 Ne4 33. Rxe8 Rxe8 34. Nxe4 fxe4 35. g4 g6 36. Kc2 h5 37. gxh5 gxh5 38.
Kd1 h4 39. Rh1 Bd8 40. Ke2 Rg8 41. Bd2 Rg4 42. Be3 Kc8 43. a4 Kd7 44. d5
cxd5 45. Bxa7 dxc4 46. bxc4 Bc7 47. Be3 Ke6 48. Kf1 Kf5 49. Ke2 Bd8 50. c5
Kg6 51. Rb1 h3 52. Rh1 Rh4 53. f3 Kf5 54. Bf2 exf3+ 55. Kxf3 Rxa4 56. Rxh3
Ra3+ 57. Kg2 Rxh3 58. Kxh3 Ke4 59. Kg2 Bg5 60. Kf1 Be3 61. Bh4 Kd3 62. Be7
Kc4 63. c6 bxc6 64. Ke2 Bc5 65. Bh4 Bd6 66. Kd2 Kb3 67. Bf2 Bf4+ 1/2-1/2

[Event "TCh-NED Playoffs 2005-6"]
[Site "Enschede NED"]
[Date "2006.05.14"]
[Round "2"]
[White "Gulbas,C"]
[Black "Bosboom Lanchava,T"]
[Result "1-0"]
[WhiteElo "2362"]
[BlackElo "2380"]
[EventDate "2006.05.13"]

1. e4 d6 2. d4 g6 3. Nc3 Bg7 4. Be3 a6 5. Qd2 b5 6. O-O-O Bb7 7. f3 Nd7 8.
h4 h6 9. g4 Nb6 10. b3 Nf6 11. Bg2 Nfd7 12. Nce2 a5 13. Ng3 e6 14. f4 d5
15. e5 Qe7 16. h5 gxh5 17. Nxh5 Bf8 18. f5 Ba6 19. Kb1 Rb8 20. Ka1 Qa3 21.
Ne2 Na4 22. Qc1 b4 23. Nef4 Qxc1+ 24. Rxc1 Nc3 25. fxe6 fxe6 26. Nxe6 Rb7
27. Nef4 c6 28. e6 Nb6 29. Ng6 a4 30. Bd2 Ra7 31. Bxc3 bxc3 32. Nxh8 Ba3
33. Rb1 axb3 34. Rxb3 Bb2+ 35. Rxb2 cxb2+ 36. Kxb2 Na4+ 37. Kc1 Nc3 38. Ng6
Ne2+ 39. Kd2 Nxd4 40. Re1 1-0

[Event "TCh-NED Playoffs 2005-6"]
[Site "Enschede NED"]
[Date "2006.05.14"]
[Round "2"]
[White "Van Leent,D"]
[Black "Van der Weide,K"]
[Result "0-1"]
[WhiteElo "2283"]
[BlackElo "2482"]
[EventDate "2006.05.13"]

1. c4 Nf6 2. g3 g6 3. Bg2 Bg7 4. Nc3 d6 5. d3 e5 6. e4 O-O 7. Nge2 c6 8.
O-O a6 9. h3 b5 10. b3 Bb7 11. Be3 Nbd7 12. Qd2 Qe7 13. Bh6 Bxh6 14. Qxh6
Nc5 15. Qd2 b4 16. Nd1 a5 17. f4 exf4 18. Qxf4 Nfd7 19. d4 Ne6 20. Qg4 h5
21. Qf3 c5 22. d5 Ng5 23. Qe3 Rae8 24. Nf2 Ne5 25. a3 Bc8 26. Nf4 Nh7 27.
Ra2 h4 28. g4 Qg5 29. Re1 a4 30. Bf1 axb3 31. Rb2 bxa3 32. Rxb3 f5 33. Ng2
fxg4 34. Be2 gxh3 35. Nxh3 Bxh3 36. Qxh3 Qd2 37. Qxh4 Ng5 38. Kh1 Rf7 0-1